Fr. Conceicao Rodrigues College of Engineering

Renewable energy sources:Their impact on global warming and pollution (Record no. 21079)

MARC details
000 -LEADER
fixed length control field 00351nam a2200145Ia 4500
082 ## - DEWEY DECIMAL CLASSIFICATION NUMBER
Classification number 621.042
Item number ABB
100 ## - MAIN ENTRY--PERSONAL NAME
Personal name Abbasi/Tasneem/ Abassi/S.A
245 ## - TITLE STATEMENT
Title Renewable energy sources:Their impact on global warming and pollution
260 ## - PUBLICATION, DISTRIBUTION, ETC.
Name of publisher, distributor, etc. PHI
Date of publication, distribution, etc. 2010
366 ## - TRADE AVAILABILITY INFORMATION
Publishers's discount category 20
300 ## - PHYSICAL DESCRIPTION
Extent 320
546 ## - LANGUAGE NOTE
Language note ENGLISH
-- Info.Tech
942 ## - ADDED ENTRY ELEMENTS (KOHA)
Koha item type BOOK
Holdings
Withdrawn status Lost status Damaged status Not for loan Collection Home library Current library Date acquired Source of acquisition Cost, normal purchase price Inventory number Total Checkouts Full call number Barcode Date last seen Date last checked out Cost, replacement price Price effective from Koha item type
        CRC Fr. Agnel's C.Rodrigues College of Engineering AGNEL TECHNICAL COLLEGE LIBRARY 17/03/2023 Book Base 260.00 10809 dt 26/04/2011 1 621.042 ABB 21588 13/12/2024 10/07/2024 325.00   BOOK